[Event "Mersin op 3rd"]
[Site "Mersin"]
[Date "2018.09.10"]
[Round "2"]
[White "Cetin, Hakan"]
[Black "Gasimov, Parviz"]
[Result "0-1"]
[WhiteElo "1741"]
[BlackElo "2341"]
[PlyCount "56"]
[EventDate "2018.09.09"]
[EventType "swiss"]
[EventRounds "9"]
[EventCountry "TUR"]
[SourceTitle "CBM 186 Extra"]
[Source "ChessBase"]
[SourceDate "2018.08.24"]
[SourceVersion "1"]
[SourceVersionDate "2018.08.24"]
[SourceQuality "1"]

1. d4 Nf6 2. c4 c5 3. d5 b5 4. cxb5 a6 5. e3 e6 6. dxe6 fxe6 7. Nc3 d5 8. Nf3 Nbd7 9. bxa6 Bxa6 10. Bxa6 Rxa6 11. 0-0 Bd6 12. Ng5 Qe7 13. Qe2 Ra8 14. b3 0-0 15. Rd1 Be5 16. Bb2 d4 17. exd4 cxd4 18. Na4 Nd5 19. Nf3 Nf4 20. Qe4 Ra5 21. Bxd4 Bxd4 22. Rxd4 Raf5 23. Ne1 Qg5 24. Qe3 Re5 25. Re4 Rxe4 26. h4 Qg4 27. f3 Qg3 28. Qd2 Re2 0-1